000 01808nam a2200253Ia 4500
003 PE SENCICO BE
005 20251020182429.0
008 200515s9999 xx 000 0 und d
020 _a970-15-0205-1
040 _aPE SENCICO BE
_cPE SENCICO BE
041 _aspa
082 _a363.11
_bG82 1996
100 1 _aGrimaldi, John V.
_92491
_eautor
245 0 _aLa seguridad Industrial, su administración /
_cJohn V. Grimaldi
250 _a2a ed.
260 _aMéxico, D.F. :
_bAlfaomega ;
_c1996
300 _a743 p. :
_btbl., graf. ;
_c23 cm.
505 0 _aSección I. Avance de la seguridad: El problema -- Evolución de los conceptos modernos acerca de la seguridad -- Legislación laboral en el continente Americano y España -- Sección II. Dirección y administración de la seguridad. Efectos de la organización y administración -- Administración de la seguridad -- Análisis de costos -- Medición de la realización y motivación -- Análisis de la seguridad de los sistemas -- Sección III. Tecnología para el control de los riesgos. Distribución, diseño y manejo de materiales -- Maquinaria, recipientes a presión y puntos de operación -- Exposición a energía eléctrica y productos químicos -- Higiene industrial -- Radiación ionizante y no ionizante -- Protección personal -- Sección IV. Factores humanos. Selección, destino y capacitación del empleado -- Aspectos, psicología y ergonomía -- Sección V. Areas y profesionales relevantes. Seguridad de los productos -- Seguridad del ambiente -- Prevención de incendios y control de catástrofes -- Funciones auxiliares.
650 1 0 _aSeguridad industrial
_996
650 2 0 _aGestión de riesgos
_9888
650 2 0 _aAdministración de emergencias
_91750
700 1 _92492
_aSimonds, Rollin H.
_eautor
942 _cLIB
_2ddc
999 _c203
_d203